| 000 | 00000nam##2200000za#4500 |
| 001 | 9.533495 |
| 003 | CaOODSP |
| 005 | 20210615083152 |
| 007 | ta |
| 008 | 150406|2000||||xxc||||| f|0| 0 fre|d |
| 020 | |a0-662-64668-1 |
| 040 | |aCaOODSP|bfre |
| 041 | |aeng |
| 041 | |afre |
| 043 | |an-cn--- |
| 086 | 1 |aC21-24/31-2000 |
| 110 | 1 |aCanada.|bIndustrie Canada. |bDirection de l'analyse micro-économique. |
| 245 | 10|aLes entreprises manufacturières sous contrôle canadien sont-elles moins productives que leurs concurrentes sous contrôle étranger? / |cpar Someshwar Rao et Jianmin Tang. |
| 260 | |aOttawa - Ontario : |bIndustrie Canada. |c2000. |
| 300 | |aTexte français, 33p. : |btableaux ; |c28 cm. |
| 490 | 1 |aDocuments de travail|v31 |
| 500 | |a«Ce document renferme une analyse de l'écart de productivité multifactorielle (PMF) entre les entreprises manufacturières sous contrôle canadien et celles qui sont sous contrôle étranger.»--Résumé. «Nous avons identifié cinq facteurs qui pourraient expliquer les différences dans les niveaux de PMF entre les entreprises manufacturières des deux groupes, à savoir la qualité du travail, l'âge de l'entreprise, la syndicalisation, l'orientation vers l'exportation et la taille de l'entreprise.»--Page 3. |
| 504 | |aBibliographie. |
| 520 | 3 |aCe document renferme une analyse de l'écart de productivité multifactorielle (PMF) entre les entreprises manufacturières sous contrôle canadien et celles qui sont sous contrôle étranger.--Résumé Nous avons identifié cinq facteurs qui pourraient expliquer les différences dans les niveaux de PMF entre les entreprises manufacturières des deux groupes, à savoir la qualité du travail, l'âge de l'entreprise, la syndicalisation, l'orientation vers l'exportation et la taille de l'entreprise.--Page 3 |
| 546 | |aBilingue |
| 563 | |aCouverture souple |
| 590 | |a00-51|b2000-12-29 |
| 691 | 07|aProductivité industrielle|2gcpds |
| 691 | 07|aIndustrie de transformation|2gcpds |
| 691 | 07|aTravail|2gcpds |
| 720 | 1 |aRao, Someshwar |
| 720 | 1 |aTang, Jianmin |
| 776 | 0#|tAre Canadian-controlled manufacturing firms less productive than their foreign-controlled counterparts? / |w(CaOODSP)9.570604 |
| 776 | 0#|tLes entreprises manufacturières sous contrôle canadien sont-elles moins productives que leurs concurrentes sous contrôle étranger? / |w(CaOODSP)9.601253 |
| 791 | |tAre Canadian-controlled manufacturing firms less productive than their foreign-controlled counterparts? / |eeng|w(CaOODSP)9.533494 |
| 830 | #0|aDocuments de travail ;|v31|w(CaOODSP)9.509053 |